A salétrom bérbeadása 1705-ben

Elmentve itt :
Bibliográfiai részletek
Dokumentumtípus: Cikk
Megjelent: 1898
Sorozat:Magyar gazdaságtörténelmi szemle 5
Kulcsszavak:Közgazdaságtudomány, Gazdaságtörténet
Online Access:http://misc.bibl.u-szeged.hu/340
LEADER 00543nab a2200157 i 4500
001 misc340
005 20191106144208.0
008 170607s1898 hu o 0|| hun d
040 |a SZTE Miscellanea Repozitórium  |b hun 
041 |a hun 
245 0 2 |a A salétrom bérbeadása 1705-ben  |h [elektronikus dokumentum] 
260 |c 1898 
300 |a 529-532 
490 0 |a Magyar gazdaságtörténelmi szemle  |v 5 
695 |a Közgazdaságtudomány, Gazdaságtörténet 
856 4 0 |u http://misc.bibl.u-szeged.hu/340/1/gazd_tort_szeml_1898_529-532.pdf  |z Dokumentum-elérés